5HLuxD.jpg

KING HENRY VIII SENIOR AND PRIMARY SCHOOL LIBRARY OPAC

The killer cat's birthday bash / (Record no. 1285)

000 -LEADER
fixed length control field 01087cam a2200265 a 4500
001 - CONTROL NUMBER
control field (Sirsi) a727717
003 - CONTROL NUMBER IDENTIFIER
control field OSt
005 - DATE AND TIME OF LATEST TRANSACTION
control field 20230106101725.0
008 - FIXED-LENGTH DATA ELEMENTS--GENERAL INFORMATION
fixed length control field 111226s2009 enka b 000 1 eng d
020 ## - INTERNATIONAL STANDARD BOOK NUMBER
International Standard Book Number 9780141324364 (pbk.) :
040 ## - CATALOGING SOURCE
Original cataloging agency CHA
Language of cataloging eng
Transcribing agency TAE
Modifying agency KH8
042 ## - AUTHENTICATION CODE
Authentication code nbic
082 0# - DEWEY DECIMAL CLASSIFICATION NUMBER
Classification number 823.914 FIN
100 1# - MAIN ENTRY--PERSONAL NAME
Personal name Fine, Anne,
Dates associated with a name 1947-
Relator term Author
245 14 - TITLE STATEMENT
Title The killer cat's birthday bash /
Statement of responsibility, etc. Anne Fine ; illustrated by Steve Cox.
260 ## - PUBLICATION, DISTRIBUTION, ETC.
Place of publication, distribution, etc. London :
Name of publisher, distributor, etc. Puffin,
Date of publication, distribution, etc. 2009.
300 ## - PHYSICAL DESCRIPTION
Extent 88 p. :
Other physical details ill. ;
Dimensions 20 cm.
500 ## - GENERAL NOTE
General note Originally published: 2008.
520 ## - SUMMARY, ETC.
Summary, etc. I held a party. It was my birthday. How was I supposed to know it wouldn't be the only party around town on that dark and dreary Halloween night? So things ended up in a bit of a mess. (Well, more than a mess, really. It was a complete disaster.) But it was not my fault so don't blame me.
650 #0 - SUBJECT ADDED ENTRY--TOPICAL TERM
Topical term or geographic name entry element Tuffy (Fictitious character : Fine)
Form subdivision Juvenile fiction.
650 #0 - SUBJECT ADDED ENTRY--TOPICAL TERM
Topical term or geographic name entry element Cats
Form subdivision Juvenile fiction.
650 #0 - SUBJECT ADDED ENTRY--TOPICAL TERM
Topical term or geographic name entry element Halloween
Form subdivision Juvenile fiction.
700 1# - ADDED ENTRY--PERSONAL NAME
Personal name Cox, Steve,
Dates associated with a name 1961-
Relator term ill.
942 ## - ADDED ENTRY ELEMENTS (KOHA)
Source of classification or shelving scheme
Koha item type Books - Non Ficton
Holdings
Withdrawn status Lost status Source of classification or shelving scheme Damaged status Not for loan Collection code Permanent Location Current Location Shelving location Date acquired Total Checkouts Total Renewals Full call number Barcode Date last seen Date last checked out Price effective from Koha item type
          Non-Fiction KH8 Primary School Library KH8 Primary School Library Fiction 2022-12-28 7 1 823.914 FIN KHPL000003063 2025-12-05 2025-08-29 2022-12-28 Books - Non Ficton

Powered By KH8 IT Dept